Statistiken für Elemente mit nur einer Silbe

Klicken Sie hier um das Quiz zu spielen!

Allgemein

  • Dieses Quiz wurde 178 mal gespielt
  • Das Durchschnittsergebnis liegt bei 7 aus 10

Antwortstatistiken

Element% Korrekt
Bor
86%
Brom
80%
Iod
76%
Chlor
72%
Zink
72%
Gold
71%
Zinn
68%
Cer
61%
Blei
57%
Chrom
50%

Verteilung der Resultate

Perzentil nach korrekt beantworteten Fragen

Anzahl Personen mit jedem Resultat

Ihre Resultats-Entwicklung

Sie haben dieses Quiz noch nicht gespielt